[Event "Montserrat op"]
[Site "Montserrat"]
[Date "2024.09.01"]
[Round "9"]
[White "Giaccio, Alfredo Gustavo"]
[Black "Torres Sanchez, Jose"]
[Result "1-0"]
[WhiteElo "2325"]
[BlackElo "2290"]
[PlyCount "73"]
[EventDate "2024.08.26"]
[EventType "swiss"]
[EventRounds "9"]
[EventCountry "ESP"]
[SourceTitle "CB36_2024"]
[SourceDate "2024.09.04"]
[SourceVersion "1"]
[SourceVersionDate "2024.09.04"]
[SourceQuality "1"]

1. e4 g6 2. d4 Bg7 3. Nc3 d6 4. Nge2 Nd7 5. g3 c5 6. Be3 b6 7. Bg2 Bb7 8. 0-0 cxd4 9. Bxd4 e5 10. Be3 Bf8 11. Nd5 Ngf6 12. Nxf6+ Nxf6 13. Qd3 Be7 14. c4 0-0 15. h3 Kg7 16. f4 Nd7 17. f5 Nc5 18. Qc2 Bg5 19. Qd2 Bxe3+ 20. Qxe3 gxf5 21. exf5 Bxg2 22. Kxg2 Kh8 23. Rad1 a5 24. Nc3 Ra7 25. Rd2 Rg8 26. Rfd1 Rd7 27. Rxd6 Rxd6 28. Qxe5+ Qf6 29. Qxd6 Qxf5 30. Rf1 Qg6 31. Qxg6 fxg6 32. Rf6 Rb8 33. Rc6 Rb7 34. Nd5 Nd7 35. Re6 a4 36. Re7 h5 37. h4 1-0

[Event "Montserrat op"]
[Site "Montserrat"]
[Date "2024.08.28"]
[Round "3"]
[White "Alberola Mulet, Benjamin"]
[Black "Giaccio, Alfredo Gustavo"]
[Result "1/2-1/2"]
[WhiteElo "1970"]
[BlackElo "2325"]
[PlyCount "70"]
[EventDate "2024.08.26"]
[EventType "swiss"]
[EventRounds "9"]
[EventCountry "ESP"]
[SourceTitle "CB36_2024"]
[SourceDate "2024.09.04"]
[SourceVersion "1"]
[SourceVersionDate "2024.09.04"]
[SourceQuality "1"]

1. d4 Nf6 2. Bf4 g6 3. e3 Bg7 4. Nf3 c5 5. c3 0-0 6. Be2 d6 7. h3 cxd4 8. exd4 Qc7 9. 0-0 Nh5 10. Bh2 e5 11. Nbd2 Nc6 12. Nc4 Rd8 13. Re1 Ne7 14. a4 Be6 15. Ne3 h6 16. a5 f5 17. Qa4 f4 18. Nc4 e4 19. Nfd2 d5 20. Na3 Nf6 21. Nb5 Qb8 22. a6 g5 23. axb7 Qxb7 24. Qa6 Qd7 25. Nb3 Bf7 26. Nc5 Qf5 27. Nd6 Rxd6 28. Qxd6 Ng6 29. Rxa7 Rxa7 30. Qb8+ Bf8 31. Qxa7 f3 32. Bf1 fxg2 33. Bxg2 Nh4 34. Qb8 Nxg2 35. Kxg2 Bh5 1/2-1/2

[Event "Mutxamel 6th"]
[Site "Mutxamel"]
[Date "2024.08.19"]
[Round "1"]
[White "Giaccio, Alfredo Gustavo"]
[Black "Cruz Estrada, Filemon"]
[Result "1/2-1/2"]
[WhiteElo "2325"]
[BlackElo "2249"]
[PlyCount "61"]
[EventDate "2024.08.19"]
[EventType "tourn"]
[EventRounds "9"]
[EventCountry "ESP"]
[EventCategory "2"]
[SourceTitle "CB35_2024"]
[SourceDate "2024.08.28"]
[SourceVersion "1"]
[SourceVersionDate "2024.08.28"]
[SourceQuality "1"]

1. e4 c5 2. c4 Nc6 3. Nc3 g6 4. g3 Bg7 5. Bg2 d6 6. Nge2 e6 7. 0-0 Nge7 8. d3 0-0 9. Rb1 Rb8 10. Be3 Nd4 11. b4 Nec6 12. a3 b6 13. Qd2 Re8 14. Bh6 Bh8 15. Nxd4 Nxd4 16. Ne2 Nxe2+ 17. Qxe2 Bb7 18. Be3 Qd7 19. Rfd1 e5 20. Qd2 Bg7 21. a4 Qc7 22. a5 Bc6 23. axb6 axb6 24. bxc5 bxc5 25. Qc2 Rxb1 26. Rxb1 Rb8 27. Bf3 Rxb1+ 28. Qxb1 Qb7 29. Qxb7 Bxb7 30. Bd1 Bc6 31. f3 1/2-1/2

[Event "Alicante IM 3rd"]
[Site "Alicante"]
[Date "2024.07.05"]
[Round "9"]
[White "Giaccio, Alfredo Gustavo"]
[Black "Exposito Milan, Adrian"]
[Result "1/2-1/2"]
[WhiteElo "2333"]
[BlackElo "2276"]
[PlyCount "77"]
[EventDate "2024.07.01"]
[EventType "tourn"]
[EventRounds "9"]
[EventCountry "ESP"]
[EventCategory "1"]
[SourceTitle "CB28_2024"]
[SourceDate "2024.07.10"]
[SourceVersion "1"]
[SourceVersionDate "2024.07.10"]
[SourceQuality "1"]

1. e4 c5 2. Nf3 d6 3. Nc3 Nf6 4. e5 dxe5 5. Nxe5 a6 6. a4 Qc7 7. d4 e6 8. Bf4 Bd6 9. Bg3 0-0 10. Qd3 b6 11. Rd1 Bb7 12. Nc4 Bxg3 13. Qxg3 Qxg3 14. hxg3 Nbd7 15. dxc5 bxc5 16. Na5 Bd5 17. f3 Nb6 18. b3 Rfc8 19. Kf2 c4 20. b4 g6 21. g4 g5 22. Be2 Kg7 23. Ra1 Ra7 24. Nd1 Ne8 25. Ne3 Nd6 26. c3 h6 27. Rhd1 Rcc7 28. Rd4 Rc8 29. Bd1 Ne8 30. Bc2 Nf6 31. Ke2 Rd7 32. Rad1 Rdc7 33. Nf1 Ba8 34. Nd2 Nbd5 35. Nb1 h5 36. gxh5 Nxh5 37. Kf2 Nhf4 38. Rh1 f5 39. Rh2 1/2-1/2

[Event "Alicante IM 3rd"]
[Site "Alicante"]
[Date "2024.07.04"]
[Round "8"]
[White "Valle Luis, Leo"]
[Black "Giaccio, Alfredo Gustavo"]
[Result "1/2-1/2"]
[WhiteElo "2245"]
[BlackElo "2333"]
[PlyCount "130"]
[EventDate "2024.07.01"]
[EventType "tourn"]
[EventRounds "9"]
[EventCountry "ESP"]
[EventCategory "1"]
[SourceTitle "CB28_2024"]
[SourceDate "2024.07.10"]
[SourceVersion "1"]
[SourceVersionDate "2024.07.10"]
[SourceQuality "1"]

1. e4 c5 2. Nf3 Nc6 3. Bb5 e5 4. 0-0 Bd6 5. c3 a6 6. Ba4 b5 7. Bc2 Qe7 8. a4 b4 9. d3 Bc7 10. Nbd2 bxc3 11. bxc3 Nf6 12. Re1 0-0 13. Nc4 h6 14. Ne3 d6 15. Nd5 Qd8 16. Nxc7 Qxc7 17. h3 Ne7 18. d4 Ng6 19. Be3 Rd8 20. Nd2 Rb8 21. d5 Nh7 22. Bd3 Qe7 23. Nf3 Ng5 24. Nxg5 hxg5 25. Qh5 Nf4 26. Bxf4 gxf4 27. Reb1 Rxb1+ 28. Rxb1 Qc7 29. Qe2 Qa5 30. Qb2 Bd7 31. Bc2 Rf8 32. Kh2 Qd8 33. Bd1 Qh4 34. Qe2 f5 35. Bc2 fxe4 36. Bxe4 f3 37. Bxf3 Qxa4 38. Be4 Bf5 39. c4 Bxe4 40. Qxe4 Qd7 41. Rb6 Rxf2 42. Rxa6 Rf4 43. Qg6 Rf6 44. Qh5 Rf8 45. Qg6 Rf6 46. Qb1 Rf8 47. Rb6 Qe7 48. Qg6 Rf6 49. Rb8+ Rf8 50. Rxf8+ Kxf8 51. Qe4 Qf6 52. h4 g6 53. Kg3 Qf5 54. Qe3 Kg7 55. Kh2 Qg4 56. Qh3 Qf4+ 57. g3 Qf2+ 58. Kh1 Qf5 59. Kg2 Kh6 60. Qxf5 gxf5 61. Kf2 e4 62. Ke3 Kg6 63. Kf4 Kh5 64. Ke3 Kg4 65. Kf2 Kh5 1/2-1/2

[Event "Guardamar Esphouses op 1st"]
[Site "Guardamar del Segura"]
[Date "2023.09.06"]
[Round "4"]
[White "Giaccio, Alfredo Gustavo"]
[Black "Van Haaften, Maarten"]
[Result "1-0"]
[WhiteElo "2326"]
[BlackElo "1910"]
[PlyCount "77"]
[EventDate "2023.09.04"]
[EventType "swiss"]
[EventRounds "9"]
[EventCountry "ESP"]
[SourceTitle "EXT 2024"]
[Source "ChessBase"]
[SourceDate "2023.10.10"]
[SourceVersion "1"]
[SourceVersionDate "2023.10.10"]
[SourceQuality "1"]

1. d4 Nf6 2. c4 e6 3. Nc3 Bb4 4. e3 0-0 5. Nge2 b6 6. a3 Be7 7. e4 d6 8. Ng3 e5 9. d5 c5 10. Bd3 Na6 11. Nf5 Nc7 12. g4 Nfe8 13. h4 g6 14. Nxe7+ Qxe7 15. Bh6 Ng7 16. f3 Bd7 17. Qd2 f6 18. b4 cxb4 19. axb4 a5 20. b5 Rf7 21. Na4 Rb8 22. Rg1 Na8 23. 0-0-0 Kh8 24. Rh1 Kg8 25. Rdg1 Kh8 26. Kb2 Kg8 27. Ka2 Kh8 28. Nc3 Re8 29. f4 Qd8 30. f5 Rg8 31. Be3 Ne8 32. Na4 Bc8 33. Qf2 Rb7 34. g5 gxf5 35. exf5 Qe7 36. Nxb6 Nxb6 37. Bxb6 fxg5 38. hxg5 Rxg5 39. f6 1-0

[Event "Montserrat op"]
[Site "Montserrat"]
[Date "2023.08.30"]
[Round "4"]
[White "Giaccio, Alfredo Gustavo"]
[Black "Buenafe Moya, Javier"]
[Result "1/2-1/2"]
[WhiteElo "2336"]
[BlackElo "2204"]
[PlyCount "63"]
[EventDate "2023.08.28"]
[EventType "swiss"]
[EventRounds "9"]
[EventCountry "ESP"]
[SourceTitle "EXT 2024"]
[Source "ChessBase"]
[SourceDate "2023.10.10"]
[SourceVersion "1"]
[SourceVersionDate "2023.10.10"]
[SourceQuality "1"]

1. e4 e5 2. Nf3 Nc6 3. d4 exd4 4. Nxd4 Bc5 5. Be3 Qf6 6. c3 Nge7 7. Bb5 Bb6 8. 0-0 0-0 9. Re1 Nxd4 10. cxd4 d5 11. Nc3 dxe4 12. Nxe4 Qg6 13. d5 Bg4 14. Qd2 Nxd5 15. Qxd5 c6 16. Qd6 Bxe3 17. Rxe3 cxb5 18. Qxg6 hxg6 19. Nd6 Rfd8 20. Nxb7 Rd7 21. Nc5 Rd5 22. Na6 Rad8 23. h3 Rd1+ 24. Rxd1 Rxd1+ 25. Kh2 Be6 26. a3 Rd2 27. Nc5 Rxb2 28. Nxe6 fxe6 29. Rxe6 Rxf2 30. Ra6 Rf6 31. Rxa7 Rb6 32. Kg3 1/2-1/2

[Event "Mutxamel 5th"]
[Site "Mutxamel"]
[Date "2023.08.25"]
[Round "9"]
[White "Giaccio, Alfredo Gustavo"]
[Black "Villa Tornero, Alex"]
[Result "1/2-1/2"]
[WhiteElo "2336"]
[BlackElo "2225"]
[PlyCount "61"]
[EventDate "2023.08.21"]
[EventType "tourn"]
[EventRounds "9"]
[EventCountry "ESP"]
[EventCategory "2"]
[SourceTitle "CBM 215 Extra"]
[Source "ChessBase"]
[SourceDate "2023.09.30"]
[SourceVersion "1"]
[SourceVersionDate "2023.09.30"]
[SourceQuality "1"]

1. e4 e5 2. Nf3 Nf6 3. Nxe5 d6 4. Nf3 Nxe4 5. Qe2 Qe7 6. d3 Nf6 7. Nc3 Qxe2+ 8. Bxe2 Be7 9. Bd2 0-0 10. 0-0 a6 11. Ne4 Nc6 12. c3 Ne5 13. Nxf6+ Bxf6 14. d4 Nxf3+ 15. Bxf3 c6 16. Bf4 d5 17. Rfe1 Bf5 18. h3 h6 19. Re3 Rfe8 20. Rae1 Rxe3 21. Rxe3 Rd8 22. Bg4 Bxg4 23. hxg4 Rd7 24. Re8+ Kh7 25. Kf1 Kg6 26. Ke2 Re7+ 27. Rxe7 Bxe7 28. b3 f5 29. f3 fxg4 30. fxg4 Bg5 31. Be5 1/2-1/2

[Event "Mutxamel 5th"]
[Site "Mutxamel"]
[Date "2023.08.24"]
[Round "8"]
[White "Sanz Wawer, Daniel"]
[Black "Giaccio, Alfredo Gustavo"]
[Result "1/2-1/2"]
[WhiteElo "2368"]
[BlackElo "2336"]
[PlyCount "99"]
[EventDate "2023.08.21"]
[EventType "tourn"]
[EventRounds "9"]
[EventCountry "ESP"]
[EventCategory "2"]
[SourceTitle "CBM 215 Extra"]
[Source "ChessBase"]
[SourceDate "2023.09.30"]
[SourceVersion "1"]
[SourceVersionDate "2023.09.30"]
[SourceQuality "1"]

1. d4 Nf6 2. Nf3 g6 3. g3 Bg7 4. Bg2 0-0 5. 0-0 c6 6. c4 Ne4 7. Nbd2 d5 8. cxd5 cxd5 9. Nxe4 dxe4 10. Ne5 Qd5 11. Be3 Bxe5 12. dxe5 Qxe5 13. Bh6 Re8 14. Qa4 Nc6 15. Bxe4 Bh3 16. Rfd1 Qxb2 17. Bxc6 bxc6 18. Qxc6 Qxe2 19. Re1 Qh5 20. Rxe7 Red8 21. Bf4 Rac8 22. Qb7 g5 23. g4 Qxg4+ 24. Bg3 Rd1+ 25. Re1 Rxa1 26. Rxa1 Rd8 27. Re1 Rd1 28. Qb8+ Kg7 29. Qe5+ Kg6 30. f4 Rxe1+ 31. Qxe1 Qf3 32. Qf2 Qd1+ 33. Qe1 Qd4+ 34. Qf2 Qa1+ 35. Qe1 Qxa2 36. Qe4+ Kh5 37. fxg5 Qa1+ 38. Kf2 Qf1+ 39. Ke3 Qg1+ 40. Kd2 Qg2+ 41. Qxg2 Bxg2 42. h4 Kg4 43. Be1 a5 44. Kc3 Bc6 45. Kc4 a4 46. Kb4 Bd7 47. Bf2 Kh5 48. Be1 Be8 49. Bf2 Kg6 50. Be1 1/2-1/2

[Event "Mutxamel 4th"]
[Site "Mutxamel"]
[Date "2022.09.07"]
[Round "6"]
[White "Davtyan, David"]
[Black "Giaccio, Alfredo Gustavo"]
[Result "1/2-1/2"]
[WhiteElo "2322"]
[BlackElo "2360"]
[PlyCount "148"]
[EventDate "2022.09.05"]
[EventType "tourn"]
[EventRounds "10"]
[EventCountry "ESP"]
[EventCategory "1"]
[SourceTitle "CBM 210 Extra"]
[Source "ChessBase"]
[SourceDate "2022.11.30"]
[SourceVersion "1"]
[SourceVersionDate "2022.11.30"]
[SourceQuality "1"]

1. d4 e6 2. e4 d5 3. Bd3 c5 4. exd5 exd5 5. c3 cxd4 6. cxd4 Nc6 7. Nf3 Bg4 8. 0-0 Bd6 9. Re1+ Nge7 10. Nc3 Bh5 11. Bg5 f6 12. Bh4 0-0 13. Bg3 Kh8 14. Bc2 Rc8 15. Qd3 Bg6 16. Qd2 Bxc2 17. Qxc2 Bb4 18. a3 Bxc3 19. Qxc3 Qd7 20. Qd3 Nf5 21. Re2 Rfe8 22. Rae1 Rxe2 23. Rxe2 Ncxd4 24. Re1 Nxf3+ 25. Qxf3 Nxg3 26. hxg3 d4 27. Qd3 f5 28. Rd1 Rd8 29. Rc1 g6 30. Kf1 Qd6 31. Kg1 Kg7 32. Kf1 h5 33. Kg1 Rd7 34. Rc8 Qe6 35. Qc2 Qe1+ 36. Kh2 d3 37. Qc4 Qe5 38. Qg8+ Kh6 39. Rd8 Rxd8 40. Qxd8 Qxb2 41. Qxd3 Qxf2 42. Qd8 Qb2 43. a4 b6 44. Qd6 Kh7 45. Qc7+ Qg7 46. Qc8 Qe7 47. Kh3 Qf7 48. Qb8 Qd7 49. Qf4 a6 50. Kh2 b5 51. a5 Qd8 52. Qb4 Qc7 53. Qd4 Qxa5 54. Qa7+ Kg8 55. Qa8+ Kg7 56. Qa7+ Kf6 57. Qd4+ Ke6 58. Qe3+ Kd5 59. Qd3+ Kc6 60. Qf3+ Kb6 61. Qe3+ Kb7 62. Qf3+ Kb8 63. Qc6 Qc7 64. Qxa6 Qd7 65. Qxg6 Kb7 66. Qxh5 Kb6 67. Qh6+ Ka5 68. Qc1 b4 69. Qa1+ Kb5 70. Qf1+ Kc5 71. Qc1+ Kb6 72. Qg1+ Kb5 73. Qf1+ Kb6 74. Qg1+ Kb5 1/2-1/2

[Event "Montserrat op"]
[Site "Montserrat"]
[Date "2022.08.30"]
[Round "2"]
[White "Gonzalez Lopez, Lucas I"]
[Black "Giaccio, Alfredo Gustavo"]
[Result "0-1"]
[WhiteElo "1739"]
[BlackElo "2360"]
[PlyCount "124"]
[EventDate "2022.08.29"]
[EventType "swiss"]
[EventRounds "9"]
[EventCountry "ESP"]
[SourceTitle "CBM 210 Extra"]
[Source "ChessBase"]
[SourceDate "2022.11.30"]
[SourceVersion "1"]
[SourceVersionDate "2022.11.30"]
[SourceQuality "1"]

1. d4 Nf6 2. c4 g6 3. Nc3 d5 4. cxd5 Nxd5 5. e4 Nxc3 6. bxc3 Bg7 7. Bc4 c5 8. Ne2 0-0 9. 0-0 Nc6 10. Be3 Qc7 11. Rc1 b6 12. f3 Bb7 13. Qe1 Na5 14. Bd3 Qd7 15. Qf2 Rac8 16. Rfd1 cxd4 17. cxd4 Qa4 18. Nc3 Rxc3 19. Bb5 Qa3 20. Rxc3 Qxc3 21. Rc1 Qb4 22. Bf1 e6 23. h3 Rc8 24. Rxc8+ Bxc8 25. Qc2 Bd7 26. e5 Nc6 27. Qe4 f6 28. f4 fxe5 29. fxe5 Bxe5 30. a3 Qa4 31. Kh1 Qd1 32. dxe5 Qxf1+ 33. Kh2 Qf5 34. Qxf5 exf5 35. Bf4 Kf7 36. Kg3 Ke6 37. Kf2 Nxe5 38. Ke2 Bb5+ 39. Kd1 Bf1 40. g3 Bxh3 41. Bc1 Kd5 42. Bf4 b5 43. Kc2 Ke4 44. Kc3 Bf1 45. Kc2 Nf3 46. Bb8 a5 47. Bc7 a4 48. Kc3 g5 49. Bd6 h5 50. Bc7 h4 51. gxh4 gxh4 52. Kc2 h3 53. Bg3 f4 54. Bh2 Nxh2 55. Kd2 Nf3+ 56. Kc3 h2 57. Kb4 Kd5 58. Kc3 Kc5 59. Kb2 Kd4 60. Ka2 Kc3 61. Kb1 h1Q 62. Kc1 Bd3# 0-1